All WWE Cruiserweight Champions - Statistics

General Stats
  • This quiz has been taken 327 times
    197 since last reset
  • The average score is 28 of 53
Answer Stats
Hint Answer % Correct
Smackdown Rey Mysterio
91%
Smackdown Rey Mysterio
91%
Smackdown Rey Mysterio
91%
No Way Out 2004 Chavo Guerrero
84%
Judgement Day 2004 Chavo Guerrero
84%
No Way Out 2005 Chavo Guerrero
84%
No Way Out 2007 Chavo Guerrero
84%
Royal Rumble 2017 Neville
79%
Summerslam 2017 Neville
79%
No Mercy 2017 Enzo Amore
76%
TLC 2017 Enzo Amore
76%
No Way Out 2003 Matt Hardy
69%
Cruiserweight Classic Finals TJ Perkins
68%
WrestleMania 34 Cedric Alexander
62%
Hell In A Cell 2016 The Brian Kendrick
62%
Royal Rumble 2006 Gregory Helms
61%
WCW Greed (Champion when WWF bought WCW) Shane Helms
61%
Smackdown The Hurricane
61%
Raw Tajiri
60%
Backlash 2002 Tajiri
60%
Smackdown Tajiri
60%
Smackdown Billy Kidman
58%
Smackdown Billy Kidman
58%
Smackdown Billy Kidman
58%
Survivor Series 2002 Billy Kidman
58%
Great American Bash 2007 Hornswoggle
52%
Raw Kalisto
52%
King Of The Ring 2002 Jamie Noble
51%
Smackdown Paul London
50%
Super Showdown Buddy Murphy
44%
Armageddon 2004 Funaki
44%
205 Live Rich Swann
44%
Raw Akira Tozawa
43%
WrestleMania 35 Tony Nese
42%
Stomping Grounds 2019 Drew Gulak
41%
Smackdown Spike Dudley
40%
NXT Santos Escobar
39%
Raw Is War X-Pac
37%
NXT New Year's Evil 2022 Carmelo Hayes
35%
Armageddon 2005 Kid Kash
35%
NXT 2.0 Roderick Strong
33%
Velocity Nunzio
32%
House Show Nunzio
32%
Worlds Collide 2020 Jordan Devlin
31%
No Mercy 2005 Juventud
31%
Smackdown Juventud
31%
NXT Lio Rush
29%
N/A Vacant
29%
Smackdown Vacant/Deactivated
29%
Smackdown Jacqueline
27%
NXT Angel Garza
23%
NXT Kushida
20%
Smackdown Chavo Classic
19%
No matching quizzes found
Score Distribution
Percent of People with Each Score
Percentile by Number Answered
Your Score History
You have not taken this quiz since the last reset